Wrong : (Record no. 288)

000 -LEADER
fixed length control field nam a22 a 4500
003 - CONTROL NUMBER IDENTIFIER
control field AKMAL
005 - DATE AND TIME OF LATEST TRANSACTION
control field 20170503094125.0
008 - FIXED-LENGTH DATA ELEMENTS--GENERAL INFORMATION
fixed length control field 170503t2010 my e 001 0 eng d
020 ## - INTERNATIONAL STANDARD BOOK NUMBER
International Standard Book Number 9780316093293 (pbk.) :
Terms of availability RM59.90
039 #9 - LEVEL OF BIBLIOGRAPHIC CONTROL AND CODING DETAIL [OBSOLETE]
Level of rules in bibliographic description 201101121426
Level of effort used to assign nonsubject heading access points manoriah
040 ## - CATALOGING SOURCE
Original cataloging agency AKMAL
Transcribing agency AKMAL
082 04 - DEWEY DECIMAL CLASSIFICATION NUMBER
Classification number 001 FRE
Edition number 22
090 20 - LOCALLY ASSIGNED LC-TYPE CALL NUMBER (OCLC); LOCAL CALL NUMBER (RLIN)
Classification number (OCLC) (R) ; Classification number, CALL (RLIN) (NR) 001
Local cutter number (OCLC) ; Book number/undivided call number, CALL (RLIN) FRE
100 1# - MAIN ENTRY--PERSONAL NAME
Personal name Freedman, David H.,
Dates associated with a name 1954-
9 (RLIN) 631
245 10 - TITLE STATEMENT
Title Wrong :
Remainder of title why expert* keep failing us-and how to know when not to trust them /
Designation of section section/part/series: (SE) [OBSOLETE] David H. Freedman
260 ## - PUBLICATION, DISTRIBUTION, ETC.
Place of publication, distribution, etc. New York :
Name of publisher, distributor, etc. Little, Brown, and Company,
Date of publication, distribution, etc. 2010
300 ## - PHYSICAL DESCRIPTION
Extent 295p. ;
Dimensions 24cm.
504 ## - BIBLIOGRAPHY, ETC. NOTE
Bibliography, etc. note Includes bibliographical references and index
650 10 - SUBJECT ADDED ENTRY--TOPICAL TERM
Topical term or geographic name entry element Expertise
General subdivision Social aspects
9 (RLIN) 632
650 20 - SUBJECT ADDED ENTRY--TOPICAL TERM
Topical term or geographic name entry element Trust
General subdivision Social aspects
9 (RLIN) 633
650 20 - SUBJECT ADDED ENTRY--TOPICAL TERM
Topical term or geographic name entry element Reliability
9 (RLIN) 634
942 ## - ADDED ENTRY ELEMENTS (KOHA)
Source of classification or shelving scheme
Koha item type Book
Holdings
Withdrawn status Lost status Source of classification or shelving scheme Damaged status Not for loan Collection code Home library Current library Date acquired Inventory number Total Checkouts Full call number Barcode Date last seen Price effective from Koha item type
          NON-FICTION AKMAL Melaka AKMAL Melaka 03.05.2017 000718   001 FRE 201701172 03.05.2017 03.05.2017 Book
          NON-FICTION AKMAL Melaka AKMAL Melaka 03.05.2017 000688   001 FRE 201701173 03.05.2017 03.05.2017 Book
Pusat Sumber Maklumat Dato' Haji Sarmin Md Hussin, Akademi Kastam Diraja Malaysia, Melaka
Tel: 06-2331106 | Faks: 06-2313787